01769 a2200241 4500020001500000020001800015082000800033090001500041100002000056245004600076250001300122260004800135300002100183500001500204520088000219700001901099856008101118856008601199942002301285999001901308952009801327952010201425 a0324185103 a978032418510204a380 c2069d20691 aBoone, Louis E.10aContemporary marketing /cLouis E. Boone. a11th ed. a[S.l.] :bSouth-Western College Pub,c2003. a624 p. ;c29 cm. aHardcover. aBoone and Kurtz’s Contemporary Marketing has proved to be the premier introduction to marketing text and package, edition after edition. With each edition, this best selling author team builds and improves upon past innovations, creating the most technologically advanced, student friendly, instructor supported text available. The eleventh edition continues to provide the most current and up-to-date content by including coverage on the events over the past year, such as the recession, the terrorist attacks on America, and coverage on the ethical disasters such as the Enron scandal. Realizing that students need a solid understanding of how these events apply to marketing the authors integrate this content throughout the new edition. The changes to this edition are so significant, that this new edition is more like a new text than just a revision aKurtz, David L 3Amazon.comuhttp://www.amazon.com/exec/obidos/ASIN/0324185103/chopaconline-2 3Amazon customer reviewsuhttp://www.chopac.org/cgi-bin/tools/azrev.pl?q=032418510 aNBScBKk658.8 BOO c344572d344572 00104070aCLbCLd2013-08-28l3o658.8 BOOpNBS7115r2015-12-29s2015-02-10w2013-08-28yBK 00102ddc40708NFICaCLbCLcGENd2015-08-17l0o658.8 BOOpNBS6295r2015-08-17w2015-08-17yBK